Les 100 jeux les plus achetés sur Steam - Statistiques

Statistiques générales
  • Ce quiz a été pris 46 fois
  • Le résultat moyen est 8 sur 100
Statistiques - réponses
Hint Réponse % Correct
78 Grand Theft Auto V Version améliorée
76%
1 Counter-Strike 2
51%
2 EA SPORTS FC 26
46%
46 Call of Duty: Black Ops 7
38%
28 Hollow Knight: Silksong
35%
67 Hollow Knight
32%
99 Clair Obscur: Expedition 33
24%
70 Hades
24%
3 Hades II
24%
71 Overwatch 2
22%
14 Cyberpunk 2077
19%
25 Cyberpunk 2077: Edition Ultime
19%
42 Cybrepunk 2077: Phantom Liberty
19%
7 Dota 2
19%
43 FINAL FANTASY TACTICS - The Ivalice Chronicles
19%
16 PUBG: BATTLEGROUNDS
19%
23 Apex Legends
16%
66 Assassin's Creed Shadows
16%
77 Baldur's Gate 3
16%
10 Battlefield 6
16%
63 Football Manager 26
16%
73 The Sims 4
16%
60 PEAK
14%
98 R.E.P.O.
14%
11 Borderlands 4
11%
55 Marvel's Spider-Man 2
11%
72 Marvel's Spider-Man 2 Edition numérique Deluxe
11%
35 NBA 2k26
11%
36 Warframe
11%
49 ARC Raiders
8%
18 Dead by Daylight
8%
21 Diablo IV
8%
17 Forza Horizon 5
8%
41 Halo: The Master Chief Collection
8%
38 Hunt: Showdown 1896
8%
26 Marvel Rivals
8%
47 Resident Evil 4
8%
97 Resident Evil 7 Biohazard
8%
68 Sea of Thieves: 2025 Edition
8%
76 It Takes Two Friend's Pass
5%
12 Megabonk
5%
53 Rust
5%
50 Sekiro: Shadows Die Twice - GOTY Edition
5%
4 SILENT HILL f
5%
52 Slime Rancher 2
5%
91 Split Fiction
5%
5 Steam Deck
5%
39 Street Fighter 6
5%
33 War Thunder
5%
24 Delta Force
3%
20 Digimon Story Time Stranger
3%
86 DRAGON BALL GEKISHIN SQUADRA
3%
8 Dying Light: The Beast
3%
82 EA SPORTS Madden NFL 26
3%
19 Hearts of Iron IV
3%
80 Monster Hunter Wilds
3%
40 No, I'm not a Human
3%
37 Path of Exile 2
3%
34 skate.
3%
93 skate. - Cosmétiques Capture de mouvement et 2 800 San Van Bucks
3%
79 skate. - Pack Fondation Deluxe
3%
9 Sonic Racing: CrossWorlds
3%
32 Stellaris
3%
90 THE FINALS
3%
92 Umamusume: Pretty Derby
3%
87 World of Tanks
3%
81 Aethermancer
0%
69 Age of Empires II: Definitive Edition
0%
58 Age of Empires IV: Anniversary Edition
0%
65 Age of Mythology: Retold
0%
51 Arena Breakout: Infinite
0%
61 Atelier Resleriana: The Red Alchemist & the White Guardian
0%
45 Black Desert
0%
54 eFootball
0%
62 ENDLESS Legend 2
0%
85 Escape Simulator
0%
44 Grounded
0%
30 HELLDIVERS 2
0%
22 ICARUS
0%
31 Jump Space
0%
95 Le Mans Ultimate
0%
6 Limbus Company
0%
88 Lost Ark
0%
57 MapleStory
0%
89 Mount & Blade II: Bannerlord
0%
59 NARAKA: BLADEPOINT
0%
13 Once Human
0%
74 Party Animals
0%
96 Shape of Dreams
0%
56 Snowbreak: Containment Zone
0%
84 Spooky Milk Life
0%
15 Stellar Blade
0%
29 THRONE AND LIBERTY
0%
100 Trails in the Sky 1st Chapter
0%
64 Train Sim World 6
0%
75 Victoria 3
0%
94 Warborne Above Ashes
0%
27 Wartales
0%
48 Wartales - Contrat : Le Fief
0%
83 Wuthering Waves
0%
Aucun quiz correspondant
Distribution des résultats
% des personnes avec chaque résultat
Percentile par nombre de réponses
Votre historique - résultats
Vous n’avez pas pris ce quiz